000 00732nam a2200265Ia 4500
005 20260121170840.0
008 008 260114s9999 xx 000 0 eng d
020 _a9783030027629
037 _aEBOOK
040 _aCRL
040 _beng
040 _cCRL
041 _2eng
041 _aeng
084 _qCRL
100 _aStefan Göbel, Augusto Garcia-Agundez, Thomas Tregel, Minhua Ma, Jannicke Baalsrud Hauge, Manuel Oliveira, Tim Marsh, Polona Caserman
_91068912
245 0 _aSerious Games
260 _bSpringer
260 _bSpringer
260 _c2018
856 _uhttps://link.springer.com/openurl?genre=book&isbn=978-3-030-02762-9
942 _cEBOOK
999 _c1634642
_d1634642